Understanding political theory (Record no. 395051)

MARC details
000 -LEADER
fixed length control field 00501 a2200181 4500
005 - DATE & TIME
control field 20260212114200.0
008 - FIXED-LENGTH DATA ELEMENTS--GENERAL INFORMATION
fixed length control field 260211b |||||||| |||| 00| 0 eng d
020 ## - ISBN
International Standard Book Number 9788126918249
Price Rs. 595.00
040 ## - CATALOGING SOURCE
Original cataloging agency VIVEKANANDA LIBRARY
082 ## - DDC NUMBER
Classification number 320.5
Book Number A63U
100 ## - MAIN ENTRY--PERSONAL NAME
Personal name Atlantic Research Division
245 ## - TITLE STATEMENT
Title Understanding political theory
260 ## - PUBLICATION, DISTRIBUTION, ETC. (IMPRINT)
Name of publisher, distributor, etc Atlantic Publishers and Distributors
Date of publication, distribution, etc 2023
Place of publication, distribution, etc New Delhi
300 ## - PHYSICAL DESCRIPTION
Pages vii, 296
650 ## - Subject
Subject Political Science
650 ## - Subject
Subject Political Theory
942 ## - ADDED ENTRY ELEMENTS (KOHA)
Koha item type Books
Holdings
Withdrawn status Lost status Source of classification or shelving scheme Damaged status Not for loan Location (home branch) Sublocation or collection (holding branch) Shelving location Date acquired Koha issues (times borrowed) Koha full call number Accession No. Koha date last seen Koha item type
    Dewey Decimal Classification     VIVEKANANDA LIBRARY VIVEKANANDA LIBRARY Vivekananda Library 22/01/2026   320.5 A63U 444415 22/01/2026 Books
© Designed and Maintained by Vivekananda Library, MDU Rohtak